[Event "RUS-Cup final"]
[Site "Samara"]
[Date "1998.09.04"]
[Round "6"]
[White "Yakovich, Yuri"]
[Black "Dvoirys, Semen I"]
[Result "1/2-1/2"]
[WhiteElo "2560"]
[BlackElo "2585"]
[PlyCount "116"]
[EventDate "1998.08.??"]
[Source "ChessBase"]
[SourceDate "1998.11.30"]

1. d4 Nf6 2. c4 g6 3. Nc3 d5 4. Nf3 Bg7 5. Qb3 dxc4 6. Qxc4 O-O 7. Bf4 Na6 8. e4 c5 9. dxc5 Qa5 10. e5 Be6 11. Qb5 Qxb5 12. Bxb5 Nd5 13. Nxd5 Bxd5 14. c6 Nc5 15. Rc1 Ne6 16. Be3 Rfc8 17. Ke2 bxc6 18. Bc4 Nc7 19. Bxd5 Nxd5 20. Rc4 Kf8 21. Rhc1 Nxe3 22. fxe3 Rab8 23. b3 Rb6 24. Ra4 Rc7 25. Rc5 Ke8 26. Rca5 Rb5 27. Rxa7 Bxe5 28. Nxe5 Rxa7 29. Rxa7 Rxe5 30. b4 Rb5 31. a3 Kd8 32. Kd3 f5 33. Ra8+ Kd7 34. Rh8 Rd5+ 35. Ke2 c5 36. Rxh7 cxb4 37. axb4 g5 38. Rh5 g4 39. e4 Re5 40. Rxf5 Rxe4+ 41. Kf2 Ke6 42. Rb5 Kf6 43. Kg3 e5 44. Rb8 Kg5 45. Rg8+ Kh5 46. Re8 Kg5 47. b5 Re3+ 48. Kf2 Rb3 49. Rxe5+ Kf4 50. Rh5 Rb2+ 51. Ke1 Rxg2 52. Kd1 Ke4 53. Kc1 g3 54. hxg3 Rxg3 55. Kc2 Kd4 56. b6 Kc4 57. b7 Rg2+ 58. Kc1 Rg8 1/2-1/2

[Event "Golden Cleopatra op 3rd"]
[Site "Cairo"]
[Date "1999.04.17"]
[Round "7"]
[White "Yakovich, Yuri"]
[Black "Neverov, Valeriy"]
[Result "1-0"]
[WhiteElo "2565"]
[BlackElo "2532"]
[PlyCount "75"]
[EventDate "1999.04.11"]
[Source "ChessBase"]
[SourceDate "1999.05.10"]

1. d4 Nf6 2. c4 g6 3. Nc3 d5 4. Nf3 Bg7 5. Qb3 dxc4 6. Qxc4 O-O 7. Bf4 c6 8. e4 b5 9. Qb3 a5 10. Qc2 Bg4 11. Rd1 a4 12. Be2 Nbd7 13. O-O Qb6 14. h3 Bxf3 15. Bxf3 Rfc8 16. Qe2 e6 17. Rd2 b4 18. Nd1 c5 19. dxc5 Qxc5 20. Bd6 Qc4 21. Qxc4 Rxc4 22. Ne3 Rxe4 23. Bxb4 Ne5 24. Bxe4 Nxe4 25. Rd4 f5 26. Rfd1 Nf7 27. Rd7 Bxb2 28. Nc4 Bf6 29. Rb7 Rd8 30. Rxd8+ Nxd8 31. Rc7 h5 32. Be7 Bxe7 33. Rxe7 Kf8 34. Ra7 Nc3 35. Ne5 g5 36. a3 Nb5 37. Rxa4 Ke7 38. Ra5 1-0

[Event "Altensteig"]
[Site "Altensteig"]
[Date "1989.??.??"]
[Round "?"]
[White "Lputian, Smbat G"]
[Black "Kindermann, Stefan"]
[Result "1-0"]
[WhiteElo "2540"]
[BlackElo "2530"]
[PlyCount "55"]
[EventDate "1989.07.??"]
[Source "ChessBase"]

1. d4 Nf6 2. c4 g6 3. Nc3 d5 4. Nf3 Bg7 5. Qb3 dxc4 6. Qxc4 O-O 7. Bf4 Na6 8. e4 c5 9. dxc5 Be6 10. Qb5 Bd7 11. Qxb7 Nxc5 12. Qb4 Ncxe4 13. Nxe4 Nd5 14. Qd2 Bf5 15. Nc3 Nxf4 16. Qxf4 Qa5 17. Bc4 Bxc3+ 18. bxc3 Qxc3+ 19. Ke2 Rac8 20. Rhc1 Bc2 21. Bb3 Qd3+ 22. Ke1 Bxb3 23. axb3 Qxb3 24. Rcb1 Qd3 25. Qd4 Qf5 26. Qxa7 e5 27. Qe3 Rc2 28. Rc1 1-0

[Event "Biel"]
[Site "?"]
[Date "1999.??.??"]
[Round "?"]
[White "Pelletier, Y."]
[Black "Avrukh, B."]
[Result "1/2-1/2"]
[WhiteElo "2475"]
[BlackElo "2585"]
[PlyCount "63"]
[EventDate "1999.??.??"]
[Source "Chess Informant"]
[SourceDate "1999.06.01"]

1. d4 Nf6 2. c4 g6 3. Nc3 d5 4. Nf3 Bg7 5. Qb3 dxc4 6. Qxc4 O-O 7. Bf4 Na6 8. e4 c5 9. dxc5 Be6 10. Qb5 Bd7 11. Qxb7 Nxc5 12. Qb4 Ne6 13. Be5 a5 14. Qa3 Qb6 15. Nd5 Nxd5 16. exd5 Nd4 17. Bxd4 Bxd4 18. Nxd4 Qxd4 19. Be2 Rab8 20. O-O Rxb2 21. Rad1 Qb6 22. Bd3 Re8 23. h3 Rb4 24. Rb1 Qc5 25. Rxb4 axb4 26. Qb3 Ra8 27. Qc4 Rc8 28. Qxc5 Rxc5 29. Rb1 Rc3 30. Bf1 Bf5 31. Rxb4 Rc1 32. Rd4 1/2-1/2

[Event "Mesa Open"]
[Site "Mesa"]
[Date "1992.??.??"]
[Round "?"]
[White "Flear, Glenn C"]
[Black "Morovic Fernandez, Ivan E"]
[Result "1/2-1/2"]
[WhiteElo "2495"]
[BlackElo "2565"]
[PlyCount "124"]
[EventDate "1992.??.??"]
[Source "www.chesslib.no"]
[SourceDate "2004.05.04"]

1. d4 Nf6 2. c4 g6 3. Nc3 d5 4. Nf3 Bg7 5. Qb3 dxc4 6. Qxc4 O-O 7. Bf4 Na6 8. e4 c5 9. dxc5 Qa5 10. e5 Nd7 11. a3 Qxc5 12. Qe4 Qb6 13. b4 Nc7 14. Rc1 Qc6 15. Qb1 Qe6 16. Nd4 Qb6 17. Qe4 Ne6 18. Nxe6 Qxe6 19. Bc4 Qf5 20. Qxf5 gxf5 21. e6 fxe6 22. Bxe6+ Kh8 23. O-O Ne5 24. Bxe5 Bxe5 25. Rfe1 Bg7 26. Nd5 Bxe6 27. Rxe6 Rad8 28. Nf4 Bb2 29. Rb1 Rd2 30. Rxe7 Rfd8 31. g3 Bxa3 32. Rxb7 a6 33. Rb3 Bb2 34. Rf3 R2d7 35. Rxd7 Rxd7 36. Ne6 Rf7 37. Rd3 h6 38. Rd6 Bc3 39. Rxa6 Bxb4 40. Nd8 Rd7 41. Rxh6+ Kg8 42. Ne6 Rd6 43. Rh4 Ba5 44. Nd4 Bd8 45. Rf4 Bc7 46. Kg2 Rd7 47. Rh4 Bd8 48. Nxf5 Bxh4 49. Nxh4 Kf7 50. g4 Ke6 51. Nf5 Ke5 52. Kf3 Rd3+ 53. Ne3 Rd4 54. h4 Rf4+ 55. Kg3 Ke4 56. g5 Rf3+ 57. Kg2 Rf8 58. Ng4 Kf4 59. Kh3 Ra8 60. g6 Ra3+ 61. Ne3 Ra1 62. Kg2 Ra8 1/2-1/2

[Event "Lenk Open"]
[Site "Lenk SUI"]
[Date "1992.??.??"]
[Round "?"]
[White "Flear, Glenn C"]
[Black "Tukmakov, Vladimir B"]
[Result "1/2-1/2"]
[WhiteElo "2505"]
[BlackElo "2535"]
[PlyCount "88"]
[EventDate "1992.06.??"]
[Source "www.chesslib.no"]
[SourceDate "2004.05.04"]

1. d4 Nf6 2. c4 g6 3. Nc3 d5 4. Nf3 Bg7 5. Qb3 dxc4 6. Qxc4 O-O 7. Bf4 c6 8. e4 Qb6 9. Qb3 Be6 10. Bc4 Bxc4 11. Qxc4 Qa6 12. Qxa6 Nxa6 13. Ke2 Rfd8 14. Rhd1 Nd7 15. Rac1 Nb6 16. b3 e6 17. Bg5 f6 18. Be3 Bf8 19. a4 Nb4 20. a5 Nd7 21. d5 exd5 22. exd5 Nc5 23. Bxc5 Bxc5 24. dxc6 bxc6 25. Ne4 Rxd1 26. Kxd1 Be7 27. Ke2 Re8 28. Kf1 Rd8 29. Rc4 Kf7 30. Ke2 Rd5 31. Nd4 Re5 32. Kf3 f5 33. Ng5+ Kg7 34. h4 c5 35. Nc2 Nxc2 36. Rxc2 h6 37. Nh3 Bxh4 38. Nf4 Be7 39. Nd3 Rd5 40. Nf4 Re5 41. Nd3 Re4 42. Nxc5 Rb4 43. Nd3 Rxb3 44. Rc7 Rxd3+ 1/2-1/2

[Event "Praha"]
[Site "?"]
[Date "1989.??.??"]
[Round "?"]
[White "Ftacnik, L."]
[Black "Ilincic, Z."]
[Result "1/2-1/2"]
[WhiteElo "2550"]
[BlackElo "2485"]
[PlyCount "49"]
[EventDate "1989.??.??"]
[Source "ChessBase"]
[SourceDate "1989.07.01"]

1. d4 Nf6 2. Nf3 g6 3. c4 Bg7 4. Nc3 d5 5. Qb3 dxc4 6. Qxc4 O-O 7. Bf4 Na6 8. e4 c5 9. dxc5 Be6 10. Qb5 Bd7 11. Qxb7 Nxc5 12. Qb4 Ne6 13. Bg3 a5 14. Qa3 Bc6 15. Rd1 Qb6 16. Bd3 Nc5 17. e5 Nh5 18. Be2 Nxg3 19. hxg3 e6 20. O-O Nd7 21. Qd6 Rad8 22. Qd4 Bxf3 23. Qxb6 Nxb6 24. gxf3 Bxe5 25. f4 1/2-1/2

[Event "Moscow Tal Memorial"]
[Site "Moscow RUS"]
[Date "1992.??.??"]
[Round "?"]
[White "Yakovich, Yuri"]
[Black "Tseshkovsky, Vitaly V"]
[Result "0-1"]
[WhiteElo "2525"]
[BlackElo "2510"]
[PlyCount "78"]
[EventDate "1992.08.??"]
[Source "www.chesslib.no"]
[SourceDate "2004.05.04"]

1. d4 Nf6 2. c4 g6 3. Nc3 d5 4. Qb3 dxc4 5. Qxc4 Bg7 6. e4 O-O 7. Bf4 c6 8. Nf3 a5 9. Be2 b5 10. Qd3 Ba6 11. Qc2 Nbd7 12. O-O Qb6 13. a3 b4 14. Na4 Qb7 15. Bxa6 Rxa6 16. Rac1 Qb5 17. axb4 axb4 18. b3 Rfa8 19. Rfe1 Ne8 20. h3 h6 21. Red1 g5 22. Be3 e6 23. d5 cxd5 24. exd5 e5 25. h4 g4 26. Nh2 Ndf6 27. Qf5 g3 28. fxg3 Nxd5 29. Bf2 Nc3 30. Nxc3 bxc3 31. Rxc3 Nd6 32. Qd3 e4 33. Qxb5 Nxb5 34. Rc2 Ra1 35. Rcc1 R1a2 36. Re1 Nc3 37. Rxc3 Bxc3 38. Rxe4 Rb2 39. Rf4 Raa2 0-1

[Event "Montpellier op-A"]
[Site "?"]
[Date "1997.??.??"]
[Round "?"]
[White "Legky Nikolay A"]
[Black "Djuric Stefan"]
[Result "1/2-1/2"]
[WhiteElo "2490"]
[BlackElo "2545"]
[PlyCount "46"]
[EventDate "1997.??.??"]
[Source "www.chesslib.no"]
[SourceDate "2004.05.04"]

1. d4 Nf6 2. c4 g6 3. Nc3 d5 4. Nf3 Bg7 5. Qb3 c6 6. Bf4 dxc4 7. Qxc4 O-O 8. e4 Nbd7 9. Be2 Nb6 10. Qd3 Bg4 11. Rd1 Nfd7 12. Bg5 Qe8 13. O-O Rd8 14. Qe3 f6 15. Bh4 Kh8 16. h3 Bxf3 17. Bxf3 Nc4 18. Qe2 Nd6 19. Bg4 e5 20. d5 Nb6 21. Be6 Na8 22. Bg3 Nc7 23. Bg4 Ncb5 1/2-1/2

[Event "Extraliga 2004/05"]
[Site "?"]
[Date "2004.11.06"]
[Round "1"]
[White "Cicak Slavko"]
[Black "Klima Lukas"]
[Result "0-1"]
[WhiteElo "2545"]
[BlackElo "2475"]
[PlyCount "74"]
[EventDate "2004.??.??"]
[Source "www.chesslib.no"]
[SourceDate "2004.05.04"]

1. Nf3 Nf6 2. c4 g6 3. Nc3 Bg7 4. d4 d5 5. Bf4 dxc4 6. Qa4+ c6 7. Qxc4 O-O 8. e4 Bg4 9. Be2 Nbd7 10. O-O Ne8 11. Rfd1 Nd6 12. Qd3 c5 13. dxc5 Nxc5 14. Qe3 Bxc3 15. Qxc5 Bxb2 16. Rab1 Bg7 17. e5 Qc8 18. Qb4 a5 19. Qa3 Nc4 20. Qxe7 Re8 21. Qh4 Nxe5 22. Bxe5 Bxe5 23. Ng5 h5 24. Bxg4 Qxg4 25. Qxg4 hxg4 26. Rd7 Rad8 27. Rdxb7 Bg7 28. g3 f6 29. Nf7 Rd2 30. Rc1 Bf8 31. Rc4 f5 32. Rc6 Re1+ 33. Kg2 Be7 34. Nh6+ Kg7 35. Rbb6 Kxh6 36. Rxg6+ Kh7 37. Rh6+ Kg7 0-1

[Event "Minsk Int"]
[Site "Minsk BLR"]
[Date "1986.??.??"]
[Round "?"]
[White "Dydyshko, Viacheslav"]
[Black "Dorfman, Josif D"]
[Result "1-0"]
[WhiteElo "2485"]
[BlackElo "2520"]
[PlyCount "113"]
[EventDate "1986.12.??"]
[Source "www.chesslib.no"]
[SourceDate "2004.05.04"]

1. d4 Nf6 2. c4 g6 3. Nc3 d5 4. Nf3 Bg7 5. Qb3 dxc4 6. Qxc4 O-O 7. Bf4 c6 8. e4 Bg4 9. Be2 Nfd7 10. Rd1 Bxf3 11. Bxf3 e5 12. dxe5 Bxe5 13. Bxe5 Nxe5 14. Rxd8 Nxc4 15. Rxf8+ Kxf8 16. Be2 Nb6 17. Kd2 N8d7 18. f4 f6 19. Rd1 Ke7 20. Ke3 g5 21. g3 Rg8 22. Kf2 a5 23. h3 Nc5 24. Bg4 gxf4 25. gxf4 Nc4 26. b3 Nd6 27. Bf3 Rg6 28. Ke3 Rg3 29. Rh1 Rg8 30. Rc1 Ne6 31. Ne2 f5 32. e5 Nb5 33. Rc4 Kd7 34. Kf2 Nbc7 35. Ng3 Nd5 36. Nh5 Ke7 37. Ra4 Rd8 38. Bxd5 Rxd5 39. Ke3 Rd1 40. Ng3 Nc5 41. Nxf5+ Ke6 42. Ng7+ Kd5 43. Rxa5 b6 44. Ra7 Rd3+ 45. Ke2 Rxh3 46. e6 Nxe6 47. Rd7+ Ke4 48. Nxe6 Rh2+ 49. Kd1 Rxa2 50. Rxh7 Rb2 51. Rh3 c5 52. Rc3 Rf2 53. Nc7 Rh2 54. Kc1 Rh5 55. Rc4+ Kd3 56. Kb2 Rh6 57. f5 1-0

[Event "Swidnica"]
[Site "Swidnica"]
[Date "1999.03.28"]
[Round "5"]
[White "Yakovich, Yuri"]
[Black "Jaracz, Pawel"]
[Result "1/2-1/2"]
[WhiteElo "2565"]
[BlackElo "2439"]
[PlyCount "29"]
[EventDate "1999.03.??"]
[Source "ChessBase"]
[SourceDate "1999.08.01"]

1. d4 Nf6 2. c4 g6 3. Nc3 d5 4. Nf3 Bg7 5. Qb3 dxc4 6. Qxc4 O-O 7. Bf4 Na6 8. e4 c5 9. dxc5 Be6 10. Qb5 Rc8 11. Rd1 Nd7 12. Nd4 Bg4 13. Be2 Bxe2 14. Ndxe2 Naxc5 15. O-O 1/2-1/2

[Event "St Affrique op"]
[Site "St Affrique"]
[Date "1999.??.??"]
[Round "8"]
[White "Flear, Glenn C"]
[Black "Rotstein, Arkadij"]
[Result "1-0"]
[WhiteElo "2484"]
[BlackElo "2493"]
[PlyCount "125"]
[EventDate "1999.??.??"]
[Source "www.chesslib.no"]
[SourceDate "2004.05.04"]

1. d4 Nf6 2. c4 g6 3. Nc3 d5 4. Nf3 Bg7 5. Qb3 dxc4 6. Qxc4 O-O 7. Bf4 Na6 8. e4 c5 9. dxc5 Be6 10. Qb5 Bd7 11. Qxb7 Nxc5 12. Qb4 Rc8 13. e5 a5 14. Qa3 Nfe4 15. Nxe4 Nxe4 16. Be2 Qb6 17. O-O Bg4 18. Be3 Qb4 19. Qxb4 axb4 20. Rfc1 Be6 21. h3 Bd5 22. Ba6 Ra8 23. Bc4 Bb7 24. Bb3 Rfc8 25. Rxc8+ Rxc8 26. Rd1 e6 27. Rd4 Nc5 28. Rxb4 Bxf3 29. gxf3 Nd3 30. Rc4 Rxc4 31. Bxc4 Nxb2 32. Bb5 Bxe5 33. a4 Nd1 34. Bb6 Nc3 35. Bc6 Nxa4 36. Bxa4 Kg7 37. Be3 Bb2 38. Kf1 Be5 39. Ke2 Bb2 40. Kd3 Ba3 41. Bd4+ Kg8 42. Kc4 Bd6 43. Kb5 Be7 44. Kc6 Bb4 45. Kd7 Kf8 46. Be3 Kg7 47. Ke8 Bc3 48. Bb5 Bb2 49. Be2 Bc3 50. f4 Bb2 51. Bc5 Bc3 52. f5 exf5 53. Bc4 Kf6 54. f4 h6 55. h4 Kg7 56. Bf8+ Kg8 57. Bxf7+ Kh7 58. h5 g5 59. fxg5 hxg5 60. Bg6+ Kg8 61. h6 f4 62. Bh5 Bd4 63. Be2 1-0

[Event "Las Palmas Open"]
[Site "Las Palmas ESP"]
[Date "1993.??.??"]
[Round "?"]
[White "Flear, Glenn C"]
[Black "Fernandez Garcia, Jose L"]
[Result "1/2-1/2"]
[WhiteElo "2500"]
[BlackElo "2475"]
[PlyCount "57"]
[EventDate "1993.09.??"]
[Source "www.chesslib.no"]
[SourceDate "2004.05.04"]

1. d4 Nf6 2. c4 g6 3. Nc3 d5 4. Nf3 Bg7 5. Qb3 dxc4 6. Qxc4 O-O 7. Bf4 c6 8. e4 b5 9. Qb3 Qa5 10. Bd3 Be6 11. Qd1 c5 12. dxc5 Rd8 13. Qe2 Nxe4 14. Bxe4 Bxc3+ 15. Bd2 Bxd2+ 16. Nxd2 Bc4 17. Qe3 Na6 18. Bxa8 Nxc5 19. Rd1 Rd6 20. Qxc5 Re6+ 21. Qe3 Rxe3+ 22. fxe3 Bd3 23. Bd5 e6 24. Bb3 Qb4 25. Kf2 Qh4+ 26. Kg1 Qg4 27. Kf2 Qh4+ 28. Kg1 Qg5 29. Kf2 1/2-1/2

[Event "Montpellier opA"]
[Site "Montpellier"]
[Date "1998.??.??"]
[Round "6"]
[White "Flear, Glenn C"]
[Black "David, Alberto"]
[Result "1-0"]
[WhiteElo "2445"]
[BlackElo "2525"]
[PlyCount "55"]
[EventDate "1998.07.??"]
[Source "www.chesslib.no"]
[SourceDate "2004.05.04"]

1. d4 Nf6 2. c4 g6 3. Nc3 d5 4. Nf3 Bg7 5. Qb3 dxc4 6. Qxc4 O-O 7. Bf4 c6 8. e4 a5 9. Be2 Nbd7 10. Rd1 Nb6 11. Qd3 Nh5 12. Be3 f5 13. O-O fxe4 14. Qxe4 Bf5 15. Qh4 Bf6 16. Bg5 Bxg5 17. Nxg5 Nf6 18. d5 Nbxd5 19. Nxd5 cxd5 20. Rxd5 Qb6 21. Bc4 Kh8 22. Re5 e6 23. b3 Rae8 24. Rfe1 h5 25. h3 Qb4 26. Qd4 b5 27. a3 Qxa3 28. Rxb5 1-0

[Event "Sibenik Open"]
[Site "Sibenik"]
[Date "1989.??.??"]
[Round "?"]
[White "Kozul, Zdenko"]
[Black "Dvoirys, Semen I"]
[Result "1-0"]
[WhiteElo "2490"]
[BlackElo "2470"]
[PlyCount "57"]
[EventDate "1989.??.??"]
[Source "www.chesslib.no"]
[SourceDate "2004.05.04"]

1. d4 Nf6 2. Nf3 g6 3. c4 Bg7 4. Nc3 d5 5. Qb3 dxc4 6. Qxc4 O-O 7. Bf4 Na6 8. e4 c5 9. e5 Nd7 10. Rd1 cxd4 11. Qxd4 Qa5 12. Be2 Nb4 13. O-O Nc6 14. Qe3 Ndxe5 15. Nxe5 Bxe5 16. Bh6 Bg7 17. Bxg7 Kxg7 18. Nd5 e6 19. b4 Qd8 20. Qc3+ f6 21. b5 exd5 22. bxc6 Rf7 23. Bf3 bxc6 24. Qxc6 Bb7 25. Qa4 Qd6 26. Rd4 Qc5 27. Rb1 Re7 28. Rdd1 Rae8 29. Rxb7 1-0

[Event "Mesa Open"]
[Site "Mesa"]
[Date "1992.??.??"]
[Round "?"]
[White "Flear, Glenn C"]
[Black "Topalov, Veselin"]
[Result "1/2-1/2"]
[WhiteElo "2495"]
[BlackElo "2460"]
[PlyCount "61"]
[EventDate "1992.??.??"]
[Source "www.chesslib.no"]
[SourceDate "2004.05.04"]

1. d4 Nf6 2. c4 g6 3. Nc3 d5 4. Nf3 Bg7 5. Qb3 dxc4 6. Qxc4 O-O 7. Bf4 c6 8. e4 Na6 9. Be2 Qa5 10. O-O Nxe4 11. Nxe4 Qf5 12. Bg5 Qxe4 13. Bd3 Qg4 14. Bxe7 Re8 15. Bd6 Be6 16. Qc3 Bd5 17. Bxa6 bxa6 18. Bg3 Bxf3 19. gxf3 Qxd4 20. Qxc6 Qxb2 21. Rae1 Qb5 22. Rc1 Rad8 23. a4 Qb6 24. Kg2 Re6 25. Qc7 Bf6 26. Rc4 h5 27. Rfc1 Qxc7 28. Rxc7 h4 29. Bf4 Rd4 30. R1c4 Re1 31. Be3 1/2-1/2

[Event "Corr"]
[Site "?"]
[Date "2000.09.25"]
[Round "?"]
[White "Schrancz Istvan"]
[Black "Cipolli Antonio Carlos Rodr"]
[Result "1/2-1/2"]
[WhiteElo "2458"]
[BlackElo "2488"]
[PlyCount "45"]
[EventDate "2000.??.??"]
[Source "www.chesslib.no"]
[SourceDate "2004.05.04"]

1. d4 Nf6 2. c4 g6 3. Nc3 d5 4. Nf3 Bg7 5. Qb3 dxc4 6. Qxc4 O-O 7. Bf4 Na6 8. e4 c5 9. d5 e6 10. d6 e5 11. Bxe5 Nb4 12. Rd1 Be6 13. Qxc5 Nc2+ 14. Kd2 Nd7 15. Qc7 Nxe5 16. Qxd8 Raxd8 17. Kxc2 Ng4 18. Rd2 Bh6 19. Re2 Rxd6 20. h3 Nf6 21. g4 Nd7 22. e5 Rb6 23. Nd4 1/2-1/2

[Event "Rubinstein Memorial"]
[Site "Polanica Zdroj POL"]
[Date "1989.??.??"]
[Round "10"]
[White "Petrosian, Arshak B"]
[Black "Dvoirys, Semen I"]
[Result "0-1"]
[WhiteElo "2475"]
[BlackElo "2470"]
[PlyCount "128"]
[EventDate "1989.08.??"]
[Source "www.chesslib.no"]
[SourceDate "2004.05.04"]

1. d4 Nf6 2. c4 g6 3. Nc3 d5 4. Nf3 Bg7 5. Qb3 dxc4 6. Qxc4 O-O 7. Bf4 c6 8. e4 Bg4 9. Be2 Nfd7 10. Rd1 Qb6 11. Bc1 e5 12. d5 Nf6 13. Be3 Qc7 14. d6 Qd8 15. Nxe5 Bxe2 16. Kxe2 b5 17. Qd3 Nfd7 18. Nxd7 Nxd7 19. f4 g5 20. g3 gxf4 21. gxf4 Qh4 22. Rdg1 Kh8 23. Bd4 Bxd4 24. Qxd4+ f6 25. Qf2 Qh5+ 26. Qf3 Qc5 27. Qd3 Nb6 28. b3 Rad8 29. Rd1 Rg8 30. Qd4 Qh5+ 31. Kd2 Qh4 32. e5 c5 33. Qe3 b4 34. Ne2 Rge8 35. Kc1 fxe5 36. fxe5 Qh5 37. e6 Nd5 38. Qd2 Rxe6 39. Qxd5 Re5 40. Qd3 Rxe2 41. Rhe1 Rxa2 42. d7 Qf7 43. Kb1 Rxd7 44. Qe3 Rxd1+ 45. Rxd1 Qf5+ 46. Rd3 Rg2 47. Kc1 Qf6 48. Qe8+ Rg8 49. Qd7 Qa1+ 50. Kd2 Rg2+ 51. Ke3 Qe1+ 52. Kf4 Qh4+ 53. Ke3 Rg8 54. Qf7 Qe1+ 55. Kf4 Qf2+ 56. Rf3 Qxh2+ 57. Kf5 Qh6 58. Ke5 Rg5+ 59. Ke4 Qh4+ 60. Rf4 Qe1+ 61. Kd3 Qc3+ 62. Ke2 Re5+ 63. Kf2 Qe3+ 64. Kf1 Qe1+ 0-1

[Event "Elgoibar"]
[Site "Elgoibar"]
[Date "1999.??.??"]
[Round "7"]
[White "Lazarev, Vladimir"]
[Black "Fernandez Garcia, Jose Luis"]
[Result "1/2-1/2"]
[WhiteElo "2501"]
[BlackElo "2443"]
[PlyCount "79"]
[EventDate "1999.11.??"]
[Source "ChessBase"]
[SourceDate "2000.04.05"]

1. d4 Nf6 2. c4 g6 3. Nc3 d5 4. Nf3 Bg7 5. Qb3 dxc4 6. Qxc4 O-O 7. Bf4 c6 8. e4 b5 9. Qb3 Qa5 10. Bd3 Be6 11. Qd1 c5 12. Bd2 b4 13. Ne2 Nfd7 14. O-O cxd4 15. Nfxd4 Bg4 16. f3 Ne5 17. fxg4 Nxd3 18. Qb3 Nc5 19. Qxb4 Qxb4 20. Bxb4 Nba6 21. Ba3 Rfe8 22. Rac1 Rad8 23. Rfd1 Bh6 24. Nc6 Rc8 25. Nxa7 Bxc1 26. Rxc1 Rc7 27. Nb5 Rb7 28. Nbc3 Nd3 29. Rb1 Ne5 30. b3 Nxg4 31. b4 Ne5 32. b5 Nc7 33. Bc5 Ne6 34. Bf2 Ra8 35. a4 Nd3 36. Be3 Ndc5 37. Rb4 Nd3 38. Rc4 Nb2 39. Rb4 Nd3 40. Rc4 1/2-1/2

[Event "Hungaroil"]
[Site "Siofok"]
[Date "1990.??.??"]
[Round "4"]
[White "Horvath, Csaba"]
[Black "Palkovi, Jozsef"]
[Result "1/2-1/2"]
[WhiteElo "2480"]
[BlackElo "2460"]
[PlyCount "40"]
[EventDate "1990.??.??"]
[Source "ChessBase"]

1. d4 Nf6 2. Nf3 g6 3. c4 Bg7 4. Nc3 d5 5. Qb3 dxc4 6. Qxc4 O-O 7. Bf4 Na6 8. e4 c5 9. dxc5 Qa5 10. Rc1 Be6 11. Qa4 Qxc5 12. Bxa6 bxa6 13. O-O Qb6 14. b3 Bd7 15. Qa3 Qb7 16. Ne5 Be6 17. Nc4 Bxc4 18. bxc4 Nxe4 19. Nxe4 Qxe4 20. Be3 Rfc8 1/2-1/2

[Event "Val Thorens Open"]
[Site "Val Thorens FRA"]
[Date "1990.??.??"]
[Round "6"]
[White "Moskalenko, Viktor"]
[Black "Pytel, Krzysztof"]
[Result "1-0"]
[WhiteElo "2525"]
[BlackElo "2400"]
[PlyCount "87"]
[EventDate "1990.??.??"]
[Source "www.chesslib.no"]
[SourceDate "2004.05.04"]

1. d4 Nf6 2. c4 g6 3. Nc3 d5 4. Nf3 Bg7 5. Qb3 dxc4 6. Qxc4 O-O 7. Bf4 c6 8. e4 b5 9. Qb3 Qa5 10. Bd3 b4 11. Qa4 Qb6 12. Ne2 Ba6 13. Bxa6 Qxa6 14. Qc2 Nbd7 15. O-O c5 16. d5 e6 17. dxe6 Qxe6 18. Ng3 Rfe8 19. Rfe1 Rac8 20. Rad1 Nb6 21. b3 c4 22. Bd6 a5 23. e5 Nfd5 24. bxc4 Rxc4 25. Qd3 Nf4 26. Qf1 Rc3 27. Nd4 Qxa2 28. Qb5 Rec8 29. Qxb6 b3 30. Nge2 Nxe2+ 31. Nxe2 Rc2 32. Nc1 Qb2 33. Qxb3 Rxf2 34. Qxb2 Rxb2 35. Nd3 Rb5 36. Rb1 Rd5 37. Nf4 Rd4 38. g3 Re8 39. Ne2 Rd2 40. Nc3 f5 41. Nb5 a4 42. Nc7 Rc8 43. Rbd1 Rxd1 44. Rxd1 1-0

[Event "Oberliga 9900"]
[Site "Bayern"]
[Date "2000.??.??"]
[Round "?"]
[White "Ibragimov, Ildar"]
[Black "Bredl, Harald"]
[Result "1-0"]
[WhiteElo "2602"]
[BlackElo "2315"]
[PlyCount "82"]
[EventDate "1999.??.??"]
[Source "www.chesslib.no"]
[SourceDate "2004.05.04"]

1. d4 Nf6 2. c4 g6 3. Nc3 d5 4. Nf3 Bg7 5. Qb3 dxc4 6. Qxc4 O-O 7. Bf4 c6 8. e4 b5 9. Qb3 a5 10. Qc2 Ba6 11. Be2 e6 12. O-O Qb6 13. Rac1 Nbd7 14. e5 Nd5 15. Nxd5 cxd5 16. Qc6 Ra7 17. Qxb6 Nxb6 18. Rc6 Rb8 19. Rfc1 h6 20. h4 b4 21. Bxa6 Rxa6 22. Nh2 Ra7 23. Ng4 Kh7 24. Nf6+ Bxf6 25. exf6 Rbb7 26. g4 g5 27. hxg5 hxg5 28. Bxg5 Kg6 29. f4 Nd7 30. Bh4 Rb6 31. Kg2 Rxc6 32. Rxc6 Nxf6 33. f5+ Kg7 34. Kf3 Ne4 35. fxe6 fxe6 36. Rxe6 Kf7 37. Re5 Nd2+ 38. Kf4 Nc4 39. Rf5+ Kg7 40. b3 Nb6 41. Bf6+ Kg8 1-0

[Event "World Open"]
[Site "Philadelphia, PA USA"]
[Date "1990.??.??"]
[Round "4"]
[White "Dlugy, Maxim"]
[Black "Rowley, Robert"]
[Result "1/2-1/2"]
[WhiteElo "2525"]
[BlackElo "2380"]
[PlyCount "97"]
[EventDate "1990.06.??"]
[Source "www.chesslib.no"]
[SourceDate "2004.05.04"]

1. d4 Nf6 2. c4 g6 3. Nc3 d5 4. Nf3 Bg7 5. Qb3 dxc4 6. Qxc4 O-O 7. e4 Nfd7 8. Be3 b6 9. Qb3 Bb7 10. Rd1 e6 11. Be2 Nf6 12. Qc2 Qe7 13. O-O Nbd7 14. Rfe1 Rfe8 15. Bf4 a6 16. a4 c5 17. d5 exd5 18. exd5 Qf8 19. d6 Bh6 20. Qc1 Bxf4 21. Qxf4 Kg7 22. Bc4 Bxf3 23. gxf3 Nh5 24. Qg5 Rxe1+ 25. Rxe1 Qxd6 26. Qe7 Qxe7 27. Rxe7 Rd8 28. Rxf7+ Kh6 29. f4 Ndf6 30. Bxa6 Rd4 31. b3 Rxf4 32. Bc4 Rg4+ 33. Kf1 Rh4 34. Rb7 Rh3 35. Ne2 Ne4 36. Kg2 Rh4 37. Rxb6 Nd2 38. Bd5 Rg4+ 39. Kh1 Rg5 40. Bb7 Re5 41. Ng1 Nf4 42. Rf6 Nh5 43. Nf3 Re2 44. Rb6 Nf4 45. Ba6 Rxf2 46. Nxd2 Rxd2 47. Kg1 Rg2+ 48. Kf1 Rxh2 49. Bb7 1/2-1/2

[Event "olm"]
[Site "Moscow olm"]
[Date "1994.??.??"]
[Round "4"]
[White "Lima, Darcy"]
[Black "Odeev, Handszar"]
[Result "0-1"]
[WhiteElo "2500"]
[BlackElo "2405"]
[PlyCount "76"]
[EventDate "1994.??.??"]
[Source "www.chesslib.no"]
[SourceDate "2004.05.04"]

1. d4 Nf6 2. c4 g6 3. Nc3 d5 4. Nf3 Bg7 5. Qb3 dxc4 6. Qxc4 O-O 7. e4 Be6 8. d5 Bc8 9. Bg5 c6 10. Rd1 b5 11. Qb3 Qa5 12. Nd2 a6 13. Be2 cxd5 14. exd5 Nbd7 15. a3 Bb7 16. O-O Qc7 17. Rfe1 Nc5 18. Qa2 Rad8 19. Bf3 Nd3 20. Re3 Ne5 21. Nf1 Nxf3+ 22. Rxf3 Qc8 23. h4 h5 24. Rfd3 Rfe8 25. Qb1 Ng4 26. Qc1 Qc5 27. Ne3 Ne5 28. R3d2 Rc8 29. Rc2 Nc4 30. Ne4 Qb6 31. Nxc4 bxc4 32. Nc3 Rcd8 33. Be3 Qf6 34. g3 Qf5 35. a4 Rxd5 36. Rxd5 Ra8 37. Re2 Kf8 38. Rd6 Bf3 0-1

[Event "POL-ch"]
[Site "Ksiaz"]
[Date "1998.03.18"]
[Round "6"]
[White "Kempinski, Robert"]
[Black "Palus, Ryszard"]
[Result "1-0"]
[WhiteElo "2520"]
[BlackElo "2385"]
[PlyCount "69"]
[EventDate "1998.03.12"]
[Source "ChessBase"]
[SourceDate "1998.04.29"]

1. d4 Nf6 2. Nf3 g6 3. c4 Bg7 4. Nc3 d5 5. Qb3 dxc4 6. Qxc4 O-O 7. Bf4 Na6 8. e4 c5 9. dxc5 Qa5 10. e5 Nd7 11. a3 Qxc5 12. Nd5 Nb6 13. Qxc5 Nxc5 14. Nxe7+ Kh8 15. Be3 Ncd7 16. e6 fxe6 17. Nd4 Re8 18. Nxc8 Raxc8 19. Rd1 a6 20. Be2 e5 21. Nb3 Rc2 22. Na5 Rxb2 23. Nxb7 e4 24. Nd6 Bc3+ 25. Kf1 Rb8 26. Nxe4 Bg7 27. Bxa6 Ra2 28. g3 Rxa3 29. Bb5 Nf6 30. Nxf6 Bxf6 31. Rd6 Be5 32. Re6 Bc3 33. Bf4 Rf8 34. Rxb6 g5 35. Be3 1-0